| 000 | 01073nam a2200241 a 4500 | ||
|---|---|---|---|
| 001 | 21215 | ||
| 003 | CO-ViMGA | ||
| 008 | 141112s2004 ck r 000 u spa d | ||
| 020 | _a8448127331 | ||
| 040 |
_aCO-ViMGA _bspa _cCO-ViMGA |
||
| 082 | 0 | 4 | _a631.5233 P331a |
| 100 | 1 |
_aPedayue Ruiz, Julio; Rodríguez Ferro, Antonio; Pedayue Ruíz, Virginia _930242 |
|
| 245 | 1 | 0 |
_aAlimentos Transgenicos : _bLa nueva revolución verde |
| 260 |
_aMadrid; Mcgraw Hill, _c2000 |
||
| 300 | _a155 | ||
| 505 | _aProducción moderna de alimentos 4 - - El código genetico y su traducción 8 - - Plantas y animales transgenicos 33 - - implicaciones económicas y sociales de los alimentos transgenicos 61 - - patentes : Un escudo jurídico de la biotecnología? 89 - - Siglas 139 | ||
| 590 | _aForma de adquisición : Compra fact. 0854 - - Precio : 30000 - - Proveedor : Temas y libros - - Fecha de adquisición : Mayo 2007 | ||
| 650 | 1 | 4 | _aALIMENTOS TRANSGENICOS |
| 650 | 1 | 4 | _aBIOTECNOLOGIA |
| 650 | 1 | 4 |
_aINGENIERIA GENética _952937 |
| 650 | 1 | 4 |
_aPROTEINAS _92863 |
| 942 |
_2ddc _cBK |
||
| 999 |
_c29857 _d29857 |
||